00461nam a2200133 i 4500001000300000100001800003245010400021260002100125040000800146041000800154080002600162008004100188856009800229bg1 aBUCZEK, Emil.10aAntykorozyjne zabezpieczenia rur i konstrukcji stalowych.nCz. 1,pPowłoki cynkowe /cEmil Buczek. aWarszawa,c1982. cBPK apol a624.01+621.77:620.197 s pl f |000 0 pol  uhttp://koha.tu.koszalin.pl/cgi-bin/koha/opac-detail.pl?biblionumber=20803yKatalog online BPK